000 00931 a2200289 4500
001 200128922
003 TR-AnTOB
005 20250923170537.0
008 130625s1997 tu 000 0
040 _aTR-AnTOB
_cTR-AnTOB
_beng
_erda
041 _atur
050 1 4 _aPS3523.O46
_bS4419 1997
090 _aPS3523.O46
_bS4419 1997
100 1 _aLondon, Jack,
_d1876-1916
_95301
_eauthor
245 1 0 _aSeçme öyküler /
_cJack London ; çeviri Mehmet Harmancı.
246 1 4 _aDünya yazarlarından seçme öyküler : Jack London.
264 1 _aİstanbul :
_bEpsilon,
_c1997.
300 _a102 pages ;
_c20 cm
336 _atext
_btxt
_2rdacontent
337 _aunmediated
_bn
_2rdamedia
338 _avolume
_bnc
_2rdacarrier
650 0 _aEnglish literature
_987913
650 0 _aİngiliz edebiyatı
_910498
700 1 _aHarmancı, Mehmet,
_d1932-
_etranslator
_938629
942 _cBK
_2lcc
999 _c200128922
_d31334